100k+ Cities in Europe by Letter on a Map - G - Statistics

General Stats
  • This quiz has been taken 416 times
  • The average score is 15 of 24
Answers on the Map
Answers color-coded by a green-red scale on the quiz's map according to % correct below.
 
Answer Stats
Population City % Correct
592k Glasgow
97%
462k Gdansk
95%
580k Genoa
95%
573k Gothenburg
95%
184k Geneva
92%
222k Graz
86%
231k Ghent
85%
234k Granada
81%
159k Grenoble
75%
181k Groningen
73%
481k Gomel
68%
278k Gijon
66%
254k Gdynia
62%
150k Gloucester
62%
270k Gelsenkirchen
57%
128k Gyor
51%
294k Galati
45%
122k Gottingen
43%
167k Getafe
40%
134k Grimsby
36%
105k Gera
35%
199k Gliwice
34%
101k Gillingham
27%
124k Gorzow Wielkopolski
26%
No matching quizzes found
Score Distribution
Percent of People with Each Score
Percentile by Number Answered
Your Score History
You have not taken this quiz